| 000 | 00000nam##2200000za#4500 |
| 001 | 9.569669 |
| 003 | CaOODSP |
| 005 | 20210624181858 |
| 007 | cr ||||||||||| |
| 008 | 150406|1992||||xxc|||||o f|0| 0 eng|d |
| 040 | |aCaOODSP|beng |
| 043 | |an-cn--- |
| 086 | 1 |aNH18-1/147-1992E-PDF |
| 110 | 2 |aCanada Mortgage and Housing Corporation. |
| 245 | 10|aEvaluation of affordable housing projects based on the grow home concept / |h[electronic resource]|c[by] Avi Friedman and Vince Cammalleri. |
| 260 | |aOttawa - Ontario : |bCanada Mortgage and Housing Corporation |c1992. |
| 300 | |a189p.|bfigs., graphs, illus., maps, tables |
| 490 | 1 |aResearch report |
| 590 | |a12-28-Supp|b2012-06-15 |
| 720 | 1 |aFriedman, Avi |
| 720 | 1 |aCammalleri, Vince |
| 830 | #0|aResearch report (Canada Mortgage and Housing Corporation : Online)|w(CaOODSP)9.506068 |
| 856 | 40|ahttp://publications.gc.ca|qPDF|s2 MB|uhttps://publications.gc.ca/collections/collection_2011/schl-cmhc/nh18-1/NH18-1-147-1992-eng.pdf |